=LDR 00000nam 2200000 4500 =001 000571 =005 20250711125644 =035 ##$$a 0010-0725000439 =007 ta =008 250711################a##########0#ind## =020 ##$$a 978-623-472-169-0 =082 ##$$a 398.209 598 =084 ##$$a 398.209 598 REA b =100 #$$a Cambodia, All Children Reading =245 1#$$a Burung Perkutut /$c All Children Reading Cambodia =250 ##$$a cetakan pertama =260 ##$$a Jakarta :$b badan pengembangan dan pembinaan bahasa,$c 2022 =300 ##$$a 20 hlm. : $b ilus. ; $c 22,9 cm$e 398.209 598 =650 #4$$a cerita anak indonesia =856 ##$$a TBM As Suhada =990 ##$$a TBM03320332